[Event "WCO 2016"]
[Site "?"]
[Date "2016.09.13"]
[Round "11"]
[Board "5"]
[WhiteID "12512214"]
[White "Khademalsharieh Sarasadat"]
[BlackID "13402005"]
[Black "Mamedjarova Turkan"]
[Result "1-0"]
[BlackElo "2304"]
[WhiteElo "2429"]
[LiveChessVersion "1.4.8"]

1. d4 {[%clk 1:30:54]} d5 {[%clk 1:30:47]} 2. c4 {[%clk 1:31:17]} e6
{[%clk 1:31:10]} 3. Nc3 {[%clk 1:31:43]} Nf6 {[%clk 1:31:35]} 4. Nf3
{[%clk 1:32:06]} Bb4 {[%clk 1:31:34]} 5. cxd5 {[%clk 1:31:59]} exd5
{[%clk 1:30:00]} 6. Bf4 {[%clk 1:32:11]} O-O {[%clk 1:26:38]} 7. Rc1
{[%clk 1:31:39]} Ne4 {[%clk 1:24:03]} 8. e3 {[%clk 1:26:52]} c5 {[%clk 1:15:34]}
9. Bd3 {[%clk 1:15:35]} Bxc3+ {[%clk 1:09:11]} 10. bxc3 {[%clk 1:15:57]} c4
{[%clk 1:09:06]} 11. Bb1 {[%clk 1:11:35]} Nc6 {[%clk 0:48:06]} 12. Nd2
{[%clk 1:03:08]} f5 {[%clk 0:45:50]} 13. Nxe4 {[%clk 1:00:40]} fxe4
{[%clk 0:44:36]} 14. O-O {[%clk 1:00:49]} Qe7 {[%clk 0:42:30]} 15. Qh5
{[%clk 0:57:23]} Rf5 {[%clk 0:38:50]} 16. Qe2 {[%clk 0:57:42]} Rf7
{[%clk 0:37:23]} 17. f3 {[%clk 0:44:58]} Bf5 {[%clk 0:37:15]} 18. Qf2
{[%clk 0:45:23]} Re8 {[%clk 0:30:34]} 19. Qg3 {[%clk 0:42:20]} Qe6
{[%clk 0:30:34]} 20. Rf2 {[%clk 0:41:46]} Ne7 {[%clk 0:29:59]} 21. Be5
{[%clk 0:38:50]} Bg6 {[%clk 0:12:33]} 22. f4 {[%clk 0:38:10]} Qb6
{[%clk 0:05:28]} 23. Rd2 {[%clk 0:36:33]} h5 {[%clk 0:05:51]} 24. Qf2
{[%clk 0:36:22]} Nf5 {[%clk 0:05:50]} 25. Rb2 {[%clk 0:36:37]} Qc6
{[%clk 0:05:45]} 26. Bc2 {[%clk 0:36:40]} b5 {[%clk 0:03:36]} 27. Rcb1
{[%clk 0:36:21]} a6 {[%clk 0:03:50]} 28. a4 {[%clk 0:36:23]} Nh6 {[%clk 0:03:23]}
29. axb5 {[%clk 0:36:23]} axb5 {[%clk 0:03:49]} 30. Rxb5 {[%clk 0:36:32]} Ng4
{[%clk 0:04:14]} 31. Qd2 {[%clk 0:36:33]} Qe6 {[%clk 0:04:27]} 32. h3
{[%clk 0:36:19]} Nxe5 {[%clk 0:03:54]} 33. dxe5 {[%clk 0:36:43]} Rd7
{[%clk 0:04:17]} 34. Rb6 {[%clk 0:37:08]} Qf7 {[%clk 0:04:13]} 35. Ba4
{[%clk 0:37:32]} 1-0

[Event "WCO 2016"]
[Site "?"]
[Date "2016.09.13"]
[Round "11"]
[Board "6"]
[WhiteID "13402625"]
[White "Khalafova Narmin"]
[BlackID "12502014"]
[Black "Pourkashiyan Atousa"]
[Result "0-1"]
[BlackElo "2335"]
[WhiteElo "2219"]
[LiveChessVersion "1.4.8"]

1. e4 {[%clk 1:30:33]} c5 {[%clk 1:30:46]} 2. Nf3 {[%clk 1:30:58]} e6
{[%clk 1:31:12]} 3. d4 {[%clk 1:31:18]} cxd4 {[%clk 1:31:36]} 4. Nxd4
{[%clk 1:31:44]} a6 {[%clk 1:32:01]} 5. Bd3 {[%clk 1:32:01]} Bc5 {[%clk 1:32:18]}
6. Nb3 {[%clk 1:32:12]} Be7 {[%clk 1:32:40]} 7. Qg4 {[%clk 1:32:19]} g6
{[%clk 1:32:53]} 8. Qe2 {[%clk 1:31:56]} d6 {[%clk 1:33:16]} 9. O-O
{[%clk 1:32:16]} Nd7 {[%clk 1:33:36]} 10. Na3 {[%clk 1:32:07]} Ne5
{[%clk 1:32:14]} 11. Nc4 {[%clk 1:32:17]} Nxc4 {[%clk 1:20:52]} 12. Bxc4
{[%clk 1:32:40]} h5 {[%clk 1:20:16]} 13. Bd2 {[%clk 1:24:36]} Nf6
{[%clk 1:18:42]} 14. Bc3 {[%clk 1:15:30]} O-O {[%clk 1:04:11]} 15. a4
{[%clk 1:00:17]} Bd7 {[%clk 1:00:58]} 16. Bd3 {[%clk 0:56:49]} Re8
{[%clk 0:53:50]} 17. Kh1 {[%clk 0:51:31]} Bf8 {[%clk 0:53:03]} 18. Na5
{[%clk 0:43:44]} Rb8 {[%clk 0:49:21]} 19. Nc4 {[%clk 0:38:58]} d5
{[%clk 0:46:29]} 20. Ne5 {[%clk 0:33:53]} Bg7 {[%clk 0:34:51]} 21. f3
{[%clk 0:23:45]} Qe7 {[%clk 0:19:06]} 22. Qf2 {[%clk 0:20:20]} Rbc8
{[%clk 0:18:09]} 23. Bd4 {[%clk 0:18:27]} Bc6 {[%clk 0:17:02]} 24. Qg3
{[%clk 0:15:44]} Nd7 {[%clk 0:13:47]} 25. Nxc6 {[%clk 0:09:30]} Rxc6
{[%clk 0:13:57]} 26. e5 {[%clk 0:09:08]} Nc5 {[%clk 0:12:27]} 27. Be2
{[%clk 0:08:48]} Rec8 {[%clk 0:12:01]} 28. Qf4 {[%clk 0:02:00]} Kh7
{[%clk 0:10:18]} 29. Rfb1 {[%clk 0:01:13]} Nd7 {[%clk 0:07:04]} 30. c3
{[%clk 0:01:33]} Bh6 {[%clk 0:06:23]} 31. Qg3 {[%clk 0:01:59]} Bg7
{[%clk 0:03:50]} 32. a5 {[%clk 0:01:11]} Qd8 {[%clk 0:03:31]} 33. Bd3
{[%clk 0:01:11]} Qc7 {[%clk 0:03:12]} 34. Re1 {[%clk 0:01:31]} Qd8
{[%clk 0:02:49]} 35. Qf4 {[%clk 0:01:36]} Qe7 {[%clk 0:02:54]} 36. Bc2
{[%clk 0:01:12]} Rh8 {[%clk 0:03:02]} 37. Qd2 {[%clk 0:00:47]} h4
{[%clk 0:03:03]} 38. Qe2 {[%clk 0:00:41]} Bh6 {[%clk 0:02:57]} 39. Bd3
{[%clk 0:00:43]} Bf4 {[%clk 0:03:08]} 40. b4 {[%clk 0:30:37]} Rcc8
{[%clk 0:32:57]} 41. Rab1 {[%clk 0:20:45]} Kg7 {[%clk 0:20:44]} 42. b5
{[%clk 0:17:08]} Nc5 {[%clk 0:17:23]} 43. bxa6 {[%clk 0:16:38]} bxa6
{[%clk 0:17:44]} 44. Bxa6 {[%clk 0:16:05]} Nxa6 {[%clk 0:13:24]} 45. Qxa6
{[%clk 0:16:31]} Bd2 {[%clk 0:13:10]} 46. Red1 {[%clk 0:12:36]} Bxc3
{[%clk 0:12:35]} 47. Bxc3 {[%clk 0:10:33]} Rxc3 {[%clk 0:13:02]} 48. Rb7
{[%clk 0:06:23]} Rc7 {[%clk 0:13:08]} 49. Rdb1 {[%clk 0:06:27]} h3
{[%clk 0:12:41]} 50. gxh3 {[%clk 0:05:12]} Rxh3 {[%clk 0:09:07]} 51. Rxc7
{[%clk 0:02:28]} Qxc7 {[%clk 0:09:33]} 52. Qf1 {[%clk 0:02:32]} Qc2
{[%clk 0:08:38]} 53. Qxh3 {[%clk 0:02:54]} Qxb1+ {[%clk 0:09:07]} 54. Kg2
{[%clk 0:03:22]} Qa2+ {[%clk 0:09:28]} 55. Kf1 {[%clk 0:02:26]} Qa1+
{[%clk 0:09:09]} 56. Kf2 {[%clk 0:01:55]} Qd4+ {[%clk 0:05:46]} 57. Kf1
{[%clk 0:01:54]} Qa1+ {[%clk 0:04:06]} 58. Kf2 {[%clk 0:02:15]} Qxa5
{[%clk 0:04:01]} 59. Qg3 {[%clk 0:00:54]} Qd2+ {[%clk 0:04:20]} 60. Kf1
{[%clk 0:01:14]} Qe3 {[%clk 0:04:38]} 61. Kg2 {[%clk 0:00:42]} d4
{[%clk 0:05:02]} 62. f4 {[%clk 0:00:43]} Qe4+ {[%clk 0:05:01]} 63. Kg1
{[%clk 0:00:57]} d3 {[%clk 0:05:04]} 64. Qh4 {[%clk 0:01:13]} Qd4+
{[%clk 0:05:25]} 65. Qf2 {[%clk 0:01:11]} Qc3 {[%clk 0:05:08]} 66. Qh4
{[%clk 0:01:24]} Qd4+ {[%clk 0:03:04]} 67. Qf2 {[%clk 0:01:40]} Qd5
{[%clk 0:02:47]} 68. Qd2 {[%clk 0:01:41]} Qf3 {[%clk 0:03:12]} 69. Qf2
{[%clk 0:01:26]} Qd1+ {[%clk 0:03:30]} 70. Kg2 {[%clk 0:01:44]} d2
{[%clk 0:03:17]} 71. Qh4 {[%clk 0:01:41]} Qe2+ {[%clk 0:03:39]} 72. Kh3
{[%clk 0:02:00]} Qf3+ {[%clk 0:03:59]} 0-1

[Event "WCO 2016"]
[Site "?"]
[Date "2016.09.13"]
[Round "11"]
[Board "7"]
[WhiteID "12505951"]
[White "Hejazipour Mitra"]
[BlackID "13403052"]
[Black "Fataliyeva Ulviyya"]
[Result "1-0"]
[BlackElo "2234"]
[WhiteElo "2314"]
[LiveChessVersion "1.4.8"]

1. d4 {[%clk 1:30:28]} e6 {[%clk 1:30:59]} 2. Nf3 {[%clk 1:30:43]} Nf6
{[%clk 1:31:28]} 3. c4 {[%clk 1:31:05]} d5 {[%clk 1:31:56]} 4. g3
{[%clk 1:31:21]} dxc4 {[%clk 1:32:24]} 5. Bg2 {[%clk 1:31:39]} Bb4+
{[%clk 1:32:53]} 6. Bd2 {[%clk 1:31:50]} c5 {[%clk 1:33:21]} 7. Bxb4
{[%clk 1:31:20]} cxb4 {[%clk 1:33:50]} 8. Ne5 {[%clk 1:30:14]} O-O
{[%clk 1:34:17]} 9. O-O {[%clk 1:26:47]} Nc6 {[%clk 1:34:46]} 10. a3
{[%clk 1:17:49]} Nxe5 {[%clk 1:24:04]} 11. dxe5 {[%clk 1:18:16]} Ng4
{[%clk 1:22:23]} 12. Qd6 {[%clk 1:11:53]} Qa5 {[%clk 1:10:10]} 13. Qxb4
{[%clk 1:10:54]} Qxb4 {[%clk 1:07:35]} 14. axb4 {[%clk 1:11:22]} Nxe5
{[%clk 1:07:19]} 15. Nd2 {[%clk 1:08:17]} Rb8 {[%clk 0:59:38]} 16. f4
{[%clk 0:35:10]} Nc6 {[%clk 0:50:55]} 17. Nxc4 {[%clk 0:32:22]} Nxb4
{[%clk 0:48:38]} 18. Rxa7 {[%clk 0:31:49]} Rd8 {[%clk 0:46:39]} 19. Rc1
{[%clk 0:31:22]} g6 {[%clk 0:35:19]} 20. Kf2 {[%clk 0:27:08]} Kg7
{[%clk 0:27:10]} 21. Ne5 {[%clk 0:21:23]} Na6 {[%clk 0:24:16]} 22. Nc4
{[%clk 0:18:11]} Nb4 {[%clk 0:22:28]} 23. Nb6 {[%clk 0:15:41]} Bd7
{[%clk 0:19:45]} 24. Bxb7 {[%clk 0:12:40]} Bb5 {[%clk 0:17:04]} 25. Rc5
{[%clk 0:10:10]} Ba6 {[%clk 0:10:48]} 26. Bxa6 {[%clk 0:09:56]} Rxb6
{[%clk 0:11:12]} 27. Bc4 {[%clk 0:09:49]} Nd5 {[%clk 0:06:51]} 28. b3
{[%clk 0:09:47]} h5 {[%clk 0:03:23]} 29. Kf3 {[%clk 0:09:48]} Rbb8
{[%clk 0:02:30]} 30. e4 {[%clk 0:09:16]} Nc3 {[%clk 0:00:57]} 31. Rcc7
{[%clk 0:08:19]} Rf8 {[%clk 0:01:04]} 32. Bxe6 {[%clk 0:08:33]} Kf6
{[%clk 0:00:39]} 33. Bc4 {[%clk 0:08:45]} Kg7 {[%clk 0:00:49]} 34. Rxf7+
{[%clk 0:09:02]} Rxf7 {[%clk 0:01:17]} 35. Rxf7+ {[%clk 0:09:25]} Kh8
{[%clk 0:01:42]} 36. e5 {[%clk 0:09:30]} 1-0

[Event "WCO 2016"]
[Site "?"]
[Date "2016.09.13"]
[Round "11"]
[Board "8"]
[WhiteID "13402137"]
[White "Umudova Nargiz"]
[BlackID "12506540"]
[Black "Hakimifard Ghazal"]
[Result "1/2-1/2"]
[BlackElo "2308"]
[WhiteElo "2247"]
[LiveChessVersion "1.4.8"]

1. e4 {[%clk 1:30:58]} e5 {[%clk 1:30:49]} 2. Nf3 {[%clk 1:31:21]} Nc6
{[%clk 1:31:13]} 3. Bb5 {[%clk 1:31:44]} a6 {[%clk 1:31:35]} 4. Ba4
{[%clk 1:32:10]} Nf6 {[%clk 1:32:00]} 5. O-O {[%clk 1:32:17]} Be7
{[%clk 1:32:17]} 6. Re1 {[%clk 1:32:27]} b5 {[%clk 1:32:40]} 7. Bb3
{[%clk 1:32:51]} O-O {[%clk 1:32:52]} 8. d4 {[%clk 1:32:59]} Nxd4
{[%clk 1:32:30]} 9. Nxd4 {[%clk 1:33:22]} exd4 {[%clk 1:32:54]} 10. e5
{[%clk 1:33:44]} Ne8 {[%clk 1:33:10]} 11. c3 {[%clk 1:34:03]} dxc3
{[%clk 1:31:56]} 12. Nxc3 {[%clk 1:34:25]} d6 {[%clk 1:30:46]} 13. Bd5
{[%clk 1:34:35]} Rb8 {[%clk 1:30:30]} 14. Be3 {[%clk 1:34:52]} Be6
{[%clk 1:27:29]} 15. Ba7 {[%clk 1:35:02]} Bxd5 {[%clk 1:27:03]} 16. Bxb8
{[%clk 1:35:21]} Bb7 {[%clk 1:27:10]} 17. Ba7 {[%clk 1:35:33]} Qa8
{[%clk 1:19:09]} 18. exd6 {[%clk 1:18:55]} Bxd6 {[%clk 1:19:29]} 19. Bd4
{[%clk 1:19:12]} c5 {[%clk 1:06:22]} 20. Be5 {[%clk 1:16:13]} Bxe5
{[%clk 1:03:54]} 21. Rxe5 {[%clk 1:16:34]} Nc7 {[%clk 0:49:29]} 22. Qg4
{[%clk 0:53:24]} Ne6 {[%clk 0:49:22]} 23. Rd1 {[%clk 0:47:37]} Qb8
{[%clk 0:36:33]} 24. Qg3 {[%clk 0:31:58]} Rd8 {[%clk 0:32:38]} 25. Rxd8+
{[%clk 0:27:08]} Qxd8 {[%clk 0:33:03]} 26. h3 {[%clk 0:26:12]} h6
{[%clk 0:29:00]} 27. Ne4 {[%clk 0:23:05]} Qd1+ {[%clk 0:24:05]} 28. Kh2
{[%clk 0:23:30]} Bxe4 {[%clk 0:23:00]} 29. Rxe4 {[%clk 0:23:55]} Qc2
{[%clk 0:23:19]} 30. Re5 {[%clk 0:18:28]} Qxb2 {[%clk 0:22:40]} 31. f4
{[%clk 0:18:25]} Kh7 {[%clk 0:15:20]} 32. f5 {[%clk 0:13:30]} Ng5
{[%clk 0:15:49]} 33. Re8 {[%clk 0:12:51]} Qd4 {[%clk 0:10:44]} 34. Ra8
{[%clk 0:06:16]} Qd5 {[%clk 0:09:21]} 35. Rxa6 {[%clk 0:04:26]} Qxf5
{[%clk 0:09:39]} 36. Rc6 {[%clk 0:02:40]} Ne6 {[%clk 0:07:54]} 37. a3
{[%clk 0:02:14]} Nd4 {[%clk 0:06:43]} 38. Rc7 {[%clk 0:01:19]} Ne6
{[%clk 0:04:09]} 39. Rb7 {[%clk 0:01:00]} c4 {[%clk 0:02:59]} 40. Qe3
{[%clk 0:31:13]} Ng5 {[%clk 0:32:14]} 41. Qb6 {[%clk 0:25:07]} Qe5+
{[%clk 0:29:38]} 1/2-1/2

[Event "WCO 2016"]
[Site "?"]
[Date "2016.09.13"]
[Round "11"]
[Board "5"]
[WhiteID "937266"]
[White "Rapport Jovana"]
[BlackID "109878"]
[Black "Lujan Carolina"]
[Result "1/2-1/2"]
[BlackElo "2378"]
[WhiteElo "2318"]
[LiveChessVersion "1.4.8"]

1. c4 {[%clk 1:30:54]} Nf6 {[%clk 1:30:45]} 2. Nc3 {[%clk 1:31:17]} c5
{[%clk 1:30:24]} 3. Nf3 {[%clk 1:31:41]} Nc6 {[%clk 1:27:19]} 4. d4
{[%clk 1:32:05]} cxd4 {[%clk 1:27:11]} 5. Nxd4 {[%clk 1:32:30]} g6
{[%clk 1:26:21]} 6. e4 {[%clk 1:32:48]} d6 {[%clk 1:25:49]} 7. Be2
{[%clk 1:31:04]} Bg7 {[%clk 1:26:04]} 8. Be3 {[%clk 1:31:29]} O-O
{[%clk 1:25:23]} 9. Qd2 {[%clk 1:31:45]} Nxd4 {[%clk 1:18:09]} 10. Bxd4
{[%clk 1:32:04]} Bd7 {[%clk 1:15:36]} 11. O-O {[%clk 1:32:18]} Bc6
{[%clk 1:15:32]} 12. Bd3 {[%clk 1:32:42]} a5 {[%clk 1:14:18]} 13. Rae1
{[%clk 1:33:02]} Nd7 {[%clk 1:12:40]} 14. Bxg7 {[%clk 1:33:07]} Kxg7
{[%clk 1:13:06]} 15. Re3 {[%clk 1:33:32]} e5 {[%clk 1:12:03]} 16. Bc2
{[%clk 1:25:43]} Nc5 {[%clk 0:27:13]} 17. Rh3 {[%clk 1:14:57]} h5
{[%clk 0:27:23]} 18. f4 {[%clk 1:15:20]} exf4 {[%clk 0:26:44]} 19. Rxf4
{[%clk 1:08:06]} Ne6 {[%clk 0:26:00]} 20. Rf2 {[%clk 1:07:39]} a4
{[%clk 0:21:46]} 21. Nd5 {[%clk 1:01:38]} Qa5 {[%clk 0:21:16]} 22. Qe3
{[%clk 0:59:44]} Qc5 {[%clk 0:14:54]} 23. Qg3 {[%clk 0:59:02]} Nd4
{[%clk 0:14:05]} 24. Nf4 {[%clk 0:55:38]} Rh8 {[%clk 0:13:56]} 25. Qc3
{[%clk 0:54:48]} Kg8 {[%clk 0:11:38]} 26. Bb1 {[%clk 0:34:34]} Re8
{[%clk 0:11:23]} 27. Re3 {[%clk 0:31:10]} Qe5 {[%clk 0:09:53]} 28. Nd5
{[%clk 0:23:16]} Kg7 {[%clk 0:05:31]} 29. Rd3 {[%clk 0:15:24]} Ne6
{[%clk 0:05:41]} 30. Qd2 {[%clk 0:14:55]} Nc5 {[%clk 0:05:25]} 31. Rdf3
{[%clk 0:14:53]} Bxd5 {[%clk 0:05:30]} 32. cxd5 {[%clk 0:13:25]} Re7
{[%clk 0:05:17]} 33. Qb4 {[%clk 0:04:47]} Rc8 {[%clk 0:03:07]} 34. g3
{[%clk 0:04:11]} Rcc7 {[%clk 0:02:15]} 35. Rf5 {[%clk 0:00:58]} gxf5
{[%clk 0:01:53]} 36. Rxf5 {[%clk 0:01:23]} Qxf5 {[%clk 0:01:21]} 37. exf5
{[%clk 0:01:52]} f6 {[%clk 0:01:04]} 38. Kg2 {[%clk 0:02:02]} Re2+
{[%clk 0:01:15]} 39. Kh3 {[%clk 0:02:30]} Rce7 {[%clk 0:00:38]} 40. Qb6
{[%clk 0:31:02]} Rd7 {[%clk 0:30:35]} 41. Qb5 {[%clk 0:28:09]} Rd2
{[%clk 0:24:01]} 42. Be4 {[%clk 0:27:33]} Re7 {[%clk 0:22:38]} 43. Bf3
{[%clk 0:27:25]} Rf2 {[%clk 0:13:35]} 44. Qb6 {[%clk 0:24:15]} Rxf3
{[%clk 0:13:19]} 45. Qxd6 {[%clk 0:24:40]} Rd7 {[%clk 0:12:37]} 46. Qxc5
{[%clk 0:25:03]} Rxf5 {[%clk 0:12:58]} 47. Qb5 {[%clk 0:24:51]} Rfxd5
{[%clk 0:13:13]} 48. Qxa4 {[%clk 0:25:14]} Re7 {[%clk 0:11:35]} 49. Qc2
{[%clk 0:22:41]} b5 {[%clk 0:10:33]} 50. Qc6 {[%clk 0:19:31]} Rde5
{[%clk 0:10:42]} 51. a3 {[%clk 0:19:34]} Rg5 {[%clk 0:09:31]} 52. Qc2
{[%clk 0:18:08]} Rd7 {[%clk 0:08:47]} 53. Qe2 {[%clk 0:18:03]} Re5
{[%clk 0:09:07]} 54. Qc2 {[%clk 0:18:09]} Ra7 {[%clk 0:07:16]} 55. Qc1
{[%clk 0:18:01]} b4 {[%clk 0:04:58]} 56. a4 {[%clk 0:17:22]} b3 {[%clk 0:02:16]}
57. Qc4 {[%clk 0:16:10]} Rea5 {[%clk 0:02:35]} 58. Qxb3 {[%clk 0:15:29]} Rxa4
{[%clk 0:03:04]} 59. Qb5 {[%clk 0:15:51]} R4a5 {[%clk 0:03:28]} 60. Qb6
{[%clk 0:16:09]} R5a6 {[%clk 0:03:35]} 61. Qc5 {[%clk 0:16:06]} Ra5
{[%clk 0:03:11]} 62. Qb6 {[%clk 0:16:31]} R5a6 {[%clk 0:03:09]} 63. Qc5
{[%clk 0:16:56]} 1/2-1/2

[Event "WCO 2016"]
[Site "?"]
[Date "2016.09.13"]
[Round "11"]
[Board "6"]
[WhiteID "109142"]
[White "Zuriel Marisa"]
[BlackID "928615"]
[Black "Chelushkina Irina"]
[Result "0-1"]
[BlackElo "2221"]
[WhiteElo "2272"]
[LiveChessVersion "1.4.8"]

1. e4 {[%clk 1:30:56]} c5 {[%clk 1:30:55]} 2. Nf3 {[%clk 1:31:14]} e6
{[%clk 1:31:20]} 3. d4 {[%clk 1:31:38]} cxd4 {[%clk 1:31:47]} 4. Nxd4
{[%clk 1:32:02]} Nf6 {[%clk 1:32:10]} 5. Nc3 {[%clk 1:32:22]} d6 {[%clk 1:32:36]}
6. Bd3 {[%clk 1:32:39]} Nc6 {[%clk 1:32:15]} 7. Nxc6 {[%clk 1:32:46]} bxc6
{[%clk 1:32:40]} 8. O-O {[%clk 1:33:10]} e5 {[%clk 1:28:57]} 9. Qe2
{[%clk 1:30:38]} Be7 {[%clk 1:28:51]} 10. Na4 {[%clk 1:29:43]} O-O
{[%clk 1:28:23]} 11. c4 {[%clk 1:29:35]} Bg4 {[%clk 1:23:39]} 12. f3
{[%clk 1:21:06]} Bd7 {[%clk 1:21:02]} 13. b3 {[%clk 1:04:49]} Ne8
{[%clk 1:18:15]} 14. Bb2 {[%clk 1:02:54]} Nc7 {[%clk 1:13:47]} 15. Rad1
{[%clk 0:51:50]} c5 {[%clk 1:06:17]} 16. Nc3 {[%clk 0:49:49]} Ne6
{[%clk 1:05:04]} 17. Nd5 {[%clk 0:49:56]} Bc6 {[%clk 1:05:06]} 18. g3
{[%clk 0:47:48]} a5 {[%clk 1:01:17]} 19. f4 {[%clk 0:43:02]} Nd4 {[%clk 0:58:55]}
20. Bxd4 {[%clk 0:24:04]} cxd4 {[%clk 0:59:19]} 21. fxe5 {[%clk 0:23:54]} dxe5
{[%clk 0:59:41]} 22. Qh5 {[%clk 0:23:35]} f6 {[%clk 0:48:55]} 23. Rc1
{[%clk 0:16:08]} Be8 {[%clk 0:47:04]} 24. Qg4 {[%clk 0:15:36]} Bd7
{[%clk 0:47:26]} 25. Qh5 {[%clk 0:15:46]} Bc5 {[%clk 0:46:24]} 26. Kh1
{[%clk 0:15:38]} Ra6 {[%clk 0:42:29]} 27. Qe2 {[%clk 0:15:57]} Ra7
{[%clk 0:41:39]} 28. Qb2 {[%clk 0:13:16]} Bh3 {[%clk 0:37:29]} 29. Rf2
{[%clk 0:12:21]} Qd6 {[%clk 0:37:02]} 30. Qe2 {[%clk 0:11:48]} Qd7
{[%clk 0:36:35]} 31. Rb1 {[%clk 0:11:11]} Bg4 {[%clk 0:35:47]} 32. Qb2
{[%clk 0:10:27]} Qd6 {[%clk 0:34:54]} 33. Kg2 {[%clk 0:09:19]} Be6
{[%clk 0:33:04]} 34. Qe2 {[%clk 0:08:37]} Raf7 {[%clk 0:29:39]} 35. g4
{[%clk 0:06:18]} g6 {[%clk 0:26:41]} 36. Rbf1 {[%clk 0:02:26]} Qd8
{[%clk 0:25:11]} 37. Kh1 {[%clk 0:01:48]} Kg7 {[%clk 0:25:27]} 38. h3
{[%clk 0:01:41]} h5 {[%clk 0:23:56]} 39. Kg2 {[%clk 0:00:37]} hxg4
{[%clk 0:13:50]} 40. hxg4 {[%clk 0:31:02]} Bd6 {[%clk 0:43:29]} 41. Rg1
{[%clk 0:29:16]} Rh8 {[%clk 0:41:24]} 42. Rh1 {[%clk 0:23:28]} Rxh1
{[%clk 0:31:18]} 43. Kxh1 {[%clk 0:23:53]} Rf8 {[%clk 0:29:16]} 44. Kg1
{[%clk 0:18:33]} Qc8 {[%clk 0:28:14]} 45. Rg2 {[%clk 0:18:10]} Rf7
{[%clk 0:24:18]} 46. Qd1 {[%clk 0:14:02]} Ba3 {[%clk 0:21:44]} 47. Rg3
{[%clk 0:10:07]} Qh8 {[%clk 0:21:33]} 48. Kg2 {[%clk 0:05:58]} Qh4
{[%clk 0:21:11]} 49. Be2 {[%clk 0:06:19]} Qg5 {[%clk 0:19:11]} 50. Qe1
{[%clk 0:05:35]} Bc1 {[%clk 0:17:48]} 51. Qxa5 {[%clk 0:04:39]} Bf4
{[%clk 0:17:50]} 52. Nxf4 {[%clk 0:04:40]} Qxf4 {[%clk 0:17:54]} 53. Qa8
{[%clk 0:02:44]} Qd2 {[%clk 0:17:58]} 54. Kf1 {[%clk 0:02:54]} Qc1+
{[%clk 0:16:34]} 55. Kf2 {[%clk 0:02:47]} Qf4+ {[%clk 0:16:34]} 56. Kg2
{[%clk 0:03:03]} Qd2 {[%clk 0:16:03]} 57. Kf1 {[%clk 0:02:18]} Qf4+
{[%clk 0:12:08]} 58. Kg2 {[%clk 0:02:43]} d3 {[%clk 0:11:33]} 59. Rxd3
{[%clk 0:01:27]} Bxg4 {[%clk 0:11:53]} 60. Bf3 {[%clk 0:00:57]} Bxf3+
{[%clk 0:11:55]} 61. Rxf3 {[%clk 0:01:27]} Qg4+ {[%clk 0:11:28]} 62. Rg3
{[%clk 0:00:49]} Qe2+ {[%clk 0:11:46]} 63. Kh3 {[%clk 0:01:06]} Rd7
{[%clk 0:08:34]} 64. Qa5 {[%clk 0:00:42]} Qxe4 {[%clk 0:05:13]} 65. Kh2
{[%clk 0:00:46]} Qe2+ {[%clk 0:04:53]} 66. Kh3 {[%clk 0:01:03]} Qf1+
{[%clk 0:04:28]} 67. Kh2 {[%clk 0:01:14]} Qf4 {[%clk 0:04:35]} 68. Kh3
{[%clk 0:01:07]} Qh6+ {[%clk 0:03:41]} 69. Kg2 {[%clk 0:01:33]} Rd2+
{[%clk 0:03:36]} 0-1

[Event "WCO 2016"]
[Site "?"]
[Date "2016.09.13"]
[Round "11"]
[Board "7"]
[WhiteID "938238"]
[White "Eric Jovana"]
[BlackID "116459"]
[Black "Fernandez Maria Florencia"]
[Result "1-0"]
[BlackElo "2189"]
[WhiteElo "2161"]
[LiveChessVersion "1.4.8"]

1. e4 {[%clk 1:30:57]} e6 {[%clk 1:30:52]} 2. d4 {[%clk 1:31:21]} d5
{[%clk 1:31:19]} 3. Nc3 {[%clk 1:31:43]} Nf6 {[%clk 1:31:32]} 4. e5
{[%clk 1:31:58]} Nfd7 {[%clk 1:31:59]} 5. f4 {[%clk 1:32:24]} c5 {[%clk 1:32:26]}
6. Nf3 {[%clk 1:32:48]} Nc6 {[%clk 1:32:42]} 7. Be3 {[%clk 1:33:03]} a6
{[%clk 1:32:48]} 8. Qd2 {[%clk 1:32:22]} b5 {[%clk 1:32:50]} 9. dxc5
{[%clk 1:32:03]} Bxc5 {[%clk 1:32:49]} 10. Bd3 {[%clk 1:31:54]} Qb6
{[%clk 1:15:57]} 11. Bf2 {[%clk 1:29:39]} Bxf2+ {[%clk 1:09:12]} 12. Qxf2
{[%clk 1:30:03]} Qxf2+ {[%clk 1:08:37]} 13. Kxf2 {[%clk 1:30:27]} O-O
{[%clk 1:05:34]} 14. Ne2 {[%clk 1:26:28]} f6 {[%clk 1:01:12]} 15. exf6
{[%clk 1:21:53]} Rxf6 {[%clk 0:55:06]} 16. a4 {[%clk 1:18:43]} b4
{[%clk 0:54:20]} 17. Ke3 {[%clk 1:09:19]} Bb7 {[%clk 0:50:35]} 18. c4
{[%clk 0:54:16]} Nc5 {[%clk 0:39:49]} 19. Ne5 {[%clk 0:48:05]} Nb3
{[%clk 0:38:31]} 20. Nxc6 {[%clk 0:36:52]} Bxc6 {[%clk 0:37:17]} 21. Rae1
{[%clk 0:22:41]} Rd8 {[%clk 0:31:14]} 22. cxd5 {[%clk 0:22:23]} exd5
{[%clk 0:29:37]} 23. Bxa6 {[%clk 0:19:52]} Bxa4 {[%clk 0:26:41]} 24. Bd3
{[%clk 0:20:10]} Bc6 {[%clk 0:17:57]} 25. Rd1 {[%clk 0:18:01]} g5
{[%clk 0:14:56]} 26. Bc2 {[%clk 0:17:37]} Re8+ {[%clk 0:14:28]} 27. Kf2
{[%clk 0:17:50]} Nc5 {[%clk 0:14:15]} 28. f5 {[%clk 0:17:05]} Ne4+
{[%clk 0:13:32]} 29. Bxe4 {[%clk 0:17:30]} Rxe4 {[%clk 0:13:59]} 30. Ng3
{[%clk 0:17:05]} Rf4+ {[%clk 0:13:05]} 31. Ke3 {[%clk 0:17:19]} Rf8
{[%clk 0:12:45]} 32. Rhe1 {[%clk 0:15:08]} d4+ {[%clk 0:09:28]} 33. Kd3
{[%clk 0:15:24]} Ba4 {[%clk 0:06:22]} 34. Rd2 {[%clk 0:14:56]} Rc8
{[%clk 0:06:27]} 35. Re4 {[%clk 0:14:01]} Bb5+ {[%clk 0:02:01]} 36. Kxd4
{[%clk 0:14:24]} Rd8+ {[%clk 0:01:12]} 37. Ke3 {[%clk 0:14:45]} Rxd2
{[%clk 0:01:38]} 38. Kxd2 {[%clk 0:15:12]} Rf2+ {[%clk 0:02:04]} 39. Kc1
{[%clk 0:15:28]} b3 {[%clk 0:01:18]} 40. Rb4 {[%clk 0:36:55]} Rc2+
{[%clk 0:31:44]} 41. Kd1 {[%clk 0:36:19]} Bc4 {[%clk 0:30:37]} 42. Ne4
{[%clk 0:35:47]} Bd5 {[%clk 0:29:26]} 43. Nf6+ {[%clk 0:36:05]} Kf7
{[%clk 0:28:47]} 44. Nxd5 {[%clk 0:36:29]} Rxb2 {[%clk 0:29:15]} 45. Rb7+
{[%clk 0:36:47]} Kf8 {[%clk 0:28:19]} 46. Ne3 {[%clk 0:30:58]} Rb1+
{[%clk 0:26:51]} 47. Kd2 {[%clk 0:31:23]} h5 {[%clk 0:26:42]} 48. h3
{[%clk 0:30:21]} Kg8 {[%clk 0:25:06]} 49. f6 {[%clk 0:29:49]} Kf8
{[%clk 0:23:31]} 50. f7 {[%clk 0:29:18]} b2 {[%clk 0:18:38]} 51. Nd1
{[%clk 0:29:34]} Ra1 {[%clk 0:18:32]} 52. Nxb2 {[%clk 0:29:57]} Rg1 53. Nc4 Rxg2+
{[%clk 0:18:43]} 54. Ke3 {[%clk 0:30:23]} 1-0